مہا ر ا شٹر کے قلم کا ر (Record no. 167480)

MARC details
000 -LEADER
fixed length control field 00689nam a22001937a 4500
005 - DATE AND TIME OF LATEST TRANSACTION
control field 20190904165634.0
010 ## - LCCN (DPL NO)
LC control number UR-10432
020 ## - INTERNATIONAL STANDARD BOOK NUMBER
Terms of availability 100.00
International Standard Book Number 8193458346
035 ## - SYSTEM CONTROL NUMBER
System control number U-8987
037 ## - SOURCE OF ACQUISITION
Source of stock number/acquisition DBAD/PUB
Stock number -
082 ## - DEWEY DECIMAL CLASSIFICATION NUMBER
Classification number 840.8
100 ## - MAIN ENTRY--PERSONAL NAME
Personal name ا حسا ن ا حمد ا حسا ن
245 ## - TITLE STATEMENT
Title مہا ر ا شٹر کے قلم کا ر
Statement of responsibility, etc ا حسا ن ا حمد ا حسا ن
246 ## - VARYING FORM OF TITLE
Remainder of title Maharashtr ke Qalam Kaar (Urdu)
Title proper/short title by Ahsan Imam Ahsan
260 ## - PUBLICATION, DISTRIBUTION, ETC. (IMPRINT)
Place of publication, distribution, etc Delhi
Name of publisher, distributor, etc Arshia Publications
Date of publication, distribution, etc 2017 ء
270 ## - ADDRESS
Address A-170,Ground Floor-3,Suriya Appartment,Dilshad Colony
City Delhi
Postal code 95
Telephone number 919438716033
Fax number -
300 ## - PHYSICAL DESCRIPTION
Extent 119 ص
Dimensions 22 Cm(Hb)
942 ## - ADDED ENTRY ELEMENTS (KOHA)
Source of classification or shelving scheme Dewey Decimal Classification
Item type Urdu Bks
Classification part 840.8
Call number suffix ا ح س
Holdings
Withdrawn status Lost status Not for loan Collection code Home library Current library Date acquired Source of acquisition Cost, normal purchase price Full call number Barcode Copy number Cost, replacement price Koha item type
    Not For Loan Non-fiction D.B.Act.Division D.B.Act.Division 04/09/2019 DBAD/PUB 100.00 840.8 ا ح س U-8987 1 100.00 Urdu Bks

© Delhi Public Library
Hit Counter
free hit counter